| 000 | 00680nam a2200241 a 4500 | ||
|---|---|---|---|
| 003 | CBULib | ||
| 005 | 20240925131759.0 | ||
| 008 | 220711s2017 ||||||||||||||||| || u | ||
| 020 | _a9780718157845 | ||
| 040 |
_bEnglish _cCBULib _erda |
||
| 041 | _aeng | ||
| 050 | _aPR 6113.M69 | ||
| 100 | _aMoyes, Jojo | ||
| 245 | 1 | 4 |
_aThe girl you left behind _c/ by Jojo Moyes |
| 260 |
_aLondon : _bPenguin Books, _c2017 |
||
| 300 | _a534 pages | ||
| 336 |
_2rdacontent _aText | _btxt |
||
| 337 |
_2rdamedia _aUnmediated | _bn |
||
| 338 |
_2rdacarrier _aVolume _bnc |
||
| 650 | _aMARRIED PEOPLE--FICTION | ||
| 942 |
_2lcc _c002 |
||
| 999 |
_c44581 _d44581 |
||